000 00924nam a22002177a 4500
001 71599
003 BD-RjUL
005 20211209082132.0
008 170506s1971 enk||||| |||| 00| 0 ben d
035 _a(BD-RjUL)71815
040 _aBD-RjUL
_bben
_cBD-RjUL
041 _aben
082 _223
_a954.031
_bANP 1971
100 1 _aএঙ্গেলস, কার্ল মার্কস ফ্রেডারিক
_9211862
245 1 0 _aপ্রথম ভারতীয় স্বাধীনতা-যুদ্ধ
_b১৮৫৭-১৮৫৯ /
_cকার্ল মার্কস ফ্রেডারিক এঙ্গেলস
260 _aমস্কো
_bপ্রগতি প্রকাশন,
_c১৯৭১
300 _a২৬৪ পৃ ;
_c২১ সেমি.
651 _aভারত
_xস্বাধীনতা যুদ্ধ
_9211863
651 _aIndia
_xLiberation war
_9211864
942 _2ddc
_cBK
999 _c71599
_d71599